| 000 | 00833nam a2200337Ia 4500 | ||
|---|---|---|---|
| 001 | 3983 | ||
| 005 | 20240113233704.0 | ||
| 007 | ta | ||
| 008 | 050607s1982 g b000 u eng u | ||
| 020 | _cHB | ||
| 040 | _aCotton College,Assam | ||
| 041 |
_aeng _hRussian |
||
| 082 |
_a519 _bGn 532 Th |
||
| 100 | _aGnedenko, B.V. . | ||
| 245 | 0 |
_aThe Theory of Probability / _cB.V. Gnedenko. _hTextual Documents |
|
| 250 | _a1st ed. / | ||
| 260 |
_aMoscow : _bMir Publishers , _c1982. |
||
| 300 |
_a392p. ; _c23cm. |
||
| 504 | _aBib, Index | ||
| 653 | _aMathematics | ||
| 653 | _aProbabilities | ||
| 653 | _aPG-Mathematics | ||
| 653 | _aG-Mathematics | ||
| 700 | _aYankovsky, George . | ||
| 942 |
_2ddc _cBK |
||
| 999 |
_c3971 _d3971 |
||